Asset-based development : Success stories from Egyptian communities: A manual for practitioners
Contents of the book is the capacity for sustained community development, driven by communities themselves, depends on confidence in existing capacities, particularly the capacity to mobilize and organize; and that effective relationships with public and private sector institutions are the means to...
Tallennettuna:
| Aineistotyyppi: | Kirja |
|---|---|
| Kieli: | Undetermined |
| Julkaistu: |
COADY International Institute
|
| Aiheet: | |
| Tagit: |
Lisää tagi
Ei tageja, Lisää ensimmäinen tagi!
|
| Thư viện lưu trữ: | Trung tâm Học liệu Trường Đại học Cần Thơ |
|---|
| LEADER | 00926nam a2200181Ia 4500 | ||
|---|---|---|---|
| 001 | CTU_125497 | ||
| 008 | 210402s9999 xx 000 0 und d | ||
| 082 | |a 307.10962 | ||
| 082 | |b A846 | ||
| 245 | 0 | |a Asset-based development : | |
| 245 | 0 | |b Success stories from Egyptian communities: A manual for practitioners | |
| 260 | |b COADY International Institute | ||
| 520 | |a Contents of the book is the capacity for sustained community development, driven by communities themselves, depends on confidence in existing capacities, particularly the capacity to mobilize and organize; and that effective relationships with public and private sector institutions are the means to strengthening and expanding this asset base | ||
| 650 | |a Developing countries,Community development | ||
| 650 | |x Economic conditions,Economic policy | ||
| 650 | |z Egypt,Egypt | ||
| 904 | |i Minh | ||
| 980 | |a Trung tâm Học liệu Trường Đại học Cần Thơ | ||